<?xml version="1.0" encoding="UTF-8"?>
<record
    xmlns:xsi="http://www.w3.org/2001/XMLSchema-instance"
    xsi:schemaLocation="http://www.loc.gov/MARC21/slim http://www.loc.gov/standards/marcxml/schema/MARC21slim.xsd"
    xmlns="http://www.loc.gov/MARC21/slim">

  <leader>01501nam a22002177a 4500</leader>
  <controlfield tag="001">113397</controlfield>
  <controlfield tag="003">DR-UNIBE</controlfield>
  <controlfield tag="005">20250331113155.0</controlfield>
  <controlfield tag="008">250331b2009    mx ||||| |||| 00| 0 spa d</controlfield>
  <datafield tag="040" ind1=" " ind2=" ">
    <subfield code="a">BIBLIOTECA UNIBE</subfield>
    <subfield code="c">BIBLIOTECA UNIBE</subfield>
    <subfield code="e">rda</subfield>
  </datafield>
  <datafield tag="041" ind1=" " ind2=" ">
    <subfield code="a">spa</subfield>
  </datafield>
  <datafield tag="082" ind1=" " ind2=" ">
    <subfield code="a">342.041 C748m</subfield>
  </datafield>
  <datafield tag="111" ind1="2" ind2=" ">
    <subfield code="a">Conferencia Iberoamericana de Justicia Constitucional (7&#xAA; : 2009 : M&#xE9;rida, M&#xE9;xico)</subfield>
    <subfield code="9">193635</subfield>
  </datafield>
  <datafield tag="245" ind1="1" ind2="4">
    <subfield code="a">Los m&#xE9;todos interpretativos de la juriscci&#xF3;n constitucional   </subfield>
  </datafield>
  <datafield tag="260" ind1=" " ind2=" ">
    <subfield code="a">M&#xE9;rida : </subfield>
    <subfield code="b">Agencia Espa&#xF1;ola de Cooperaci&#xF3;n Internacional,</subfield>
    <subfield code="c">2009</subfield>
  </datafield>
  <datafield tag="300" ind1=" " ind2=" ">
    <subfield code="a">219 p&#xE1;ginas</subfield>
  </datafield>
  <datafield tag="505" ind1=" " ind2=" ">
    <subfield code="a">1. Delegaciones asistentes y fotos |
2. Inauguraci&#xF3;n  |
3. Informe de la Secretar&#xED;a Permanente  |
4. Mensaje e Informe de la Secretar&#xED;a Pro Tempore  |
5. El examen comparativo entre los sistemas americano y europeo de Justicia Constitucional  |
 6. Explicaci&#xF3;n del trabajo y presentaci&#xF3;n del tema  |
7. Una experiencia de tres d&#xE9;cadas de protecci&#xF3;n jurisdiccional de la Constituci&#xF3;n  |
8. El control de constitucionalidad en Brasil: sistema mixto  |
9. Los m&#xE9;todos interpretativos del Tribunal peruano.  |
10. Estructura y atribuciones de los Tribunales y Salas Constitucionales de Iberoam&#xE9;rica |
11. M&#xE9;todos interpretativos de la Jurisdicci&#xF3;n Constitucional  |
12. Ceremonia de clausura de labores  |
13. Ceremonia de clausura  |
14. Mensaje y declaraci&#xF3;n de clausura  |
</subfield>
  </datafield>
  <datafield tag="650" ind1=" " ind2=" ">
    <subfield code="2">lemb</subfield>
    <subfield code="a">Jurisdicci&#xF3;n</subfield>
    <subfield code="9">58021</subfield>
  </datafield>
  <datafield tag="650" ind1=" " ind2=" ">
    <subfield code="2">lemb</subfield>
    <subfield code="a">Derecho</subfield>
  </datafield>
  <datafield tag="942" ind1=" " ind2=" ">
    <subfield code="2">ddc</subfield>
    <subfield code="c">BK</subfield>
  </datafield>
  <datafield tag="999" ind1=" " ind2=" ">
    <subfield code="c">113398</subfield>
    <subfield code="d">113398</subfield>
  </datafield>
  <datafield tag="952" ind1=" " ind2=" ">
    <subfield code="0">0</subfield>
    <subfield code="1">0</subfield>
    <subfield code="2">ddc</subfield>
    <subfield code="7">0</subfield>
    <subfield code="8">GEN</subfield>
    <subfield code="a">Principal</subfield>
    <subfield code="d">2025-02-01</subfield>
    <subfield code="l">0</subfield>
    <subfield code="o">342.041 C748m</subfield>
    <subfield code="p">250229</subfield>
    <subfield code="r">2025-03-31 11:19:34</subfield>
    <subfield code="t">Ej. 1</subfield>
    <subfield code="w">2025-03-31</subfield>
    <subfield code="y">BK</subfield>
  </datafield>
</record>
